Statistiques concernant Animaux de Prehistoric Park

Cliquez ici pour prendre le quiz!

Statistiques générales

  • Ce quiz a été pris 4 fois
  • Le résultat moyen est 12 sur 31

Statistiques - réponses

HintRéponse% Correct
Episode 1, TheropodeOrnithomimus
100%
Episode 4, CarnivoreSmilodon
100%
Episode 1, CeratopsienTriceratops horridus
100%
Episode 1, ThéropodeTyrannosaurus Rex
100%
Episode 6, TheropodeAlbertosaurus
67%
Episode 5, MillipedeArthropleura/Arthropluera
67%
Episode 6, ReptileDeinosuchus
67%
Episode 2, OnguléElasmothérium
67%
Episode 2, PachydermeMammouth laineux
67%
Episode 5, InsecteMeganeura
67%
Episode 3, ParaveMicroraptor
67%
Episode 6, HadrosaureParasaurolophus
67%
Episode 3, SauropodeTitanosaure
67%
Episode 6, TheropodeTroodon
67%
Episode 2, CanidéLoup gris
33%
Episode 6, PterosaureNyctosaurus
33%
Episode 2, UrsidéOurs des cavernes (Arctodus)
33%
Episode 1 et 3, PterosaurePterosaure
33%
Episode 3, annélideVer de terre
33%
Episode 5, StégocephaleCrassigyrinus scotticus
0%
Episode 3, InsecteCriquet
0%
Episode 4, CervidéDaim
0%
Episode 2, PrimateHomo, homme
0%
Épisode 2, FéliformeHyène des Cavernes
0%
Episode 3, CoelurosaurienIncisivosaurus
0%
Episode 3, Insecte (jeune)Larve de coléoptère
0%
Episode 3, TroodontidéMei long
0%
Episode 4, OiseauPhorushracos
0%
Episode 5, ArachnidePulmonoscorpius
0%
Episode 4, MammifèreTatou
0%
Episode 4, OnguléToxodon
0%

Distribution des résultats

Percentile par nombre de réponses

% des personnes avec chaque résultat

Votre développement - résultats

Vous n’avez pas pris ce quiz